Inter Milan Current Squad - Statistics

General Stats
  • This quiz has been taken 1,609 times
    849 since last reset
  • The average score is 12 of 29
Answer Stats
# Player % Correct
10 Lautaro Martínez
93%
23 Nicolò Barella
83%
95 Alessandro Bastoni
82%
2 Denzel Dumfries
79%
32 Federico Dimarco
77%
9 Marcus Thuram
77%
20 Hakan Çalhanoğlu
71%
6 Stefan de Vrij
66%
Head Coach Simone Inzaghi
65%
15 Francesco Acerbi
64%
36 Matteo Darmian
59%
22 Henrikh Mkhitaryan
56%
16 Davide Frattesi
41%
11 Joaquín Correa
38%
21 Kristjan Asllani
35%
31 Yann Aurel Bisseck
33%
7 Juan Cuadrado
30%
5 Stefano Sensi
24%
8 Robin Gosens
23%
12 Raffaele Di Gennaro
19%
35 Filip Stanković
12%
97 Ionuț Radu
12%
30 Sebastiano Esposito
12%
45 Valentín Carboni
11%
34 Lucien Agoumé
10%
47 Alessandro Fontanarosa
7%
40 Eddie Salcedo
4%
19 Valentino Lazaro
3%
14 Giovanni Fabbian
2%
No matching quizzes found
Score Distribution
Percent of People with Each Score
Percentile by Number Answered
Your Score History
You have not taken this quiz since the last reset